000 01171nam a2200301 c 4500
003 BLK
005 20241114005504.0
008 180409b bul|||||r ||||||| ||bul||
010 _aKNG00140532000
040 _aBLK
041 _aBUL
_cBUL
080 _aБългарска литература
_b821.163.2
_x-1(081.2)
_z821.163.2-1(081.2)
100 _aГабе, Дора Петрова
_gПоетеса и писателка. Преводачка от полски език.
_d1886-1983
_qГабе, Изидора Петрова
_9369524
139 _aГабе, Дора Петрова
_bГ 13
245 1 0 _aИзбрани стихотворения
_cДора Габе.
257 _aBGR
260 Варна
_bГеорги Бакалов
_c1982
_fСофия : Балкан
300 _a44 с.
_c21 см
_eГрамофонна плоча
380 _aX
490 1 _aСлово звук
500 _aКн. е деп. 1984 г. - 3 106 тир.
852 _aЦб 125493
856 4 _qpdf
_u
856 4 _qpdf
_u
942 _cKNG
_n0
_01
944 _aCR
_c11.03.2013
_lCRON CRON
_k
944 _aED
_c11.03.2013
_l11.03.2013 - от С1,Р / 11.03.2013
_k
999 _c134617
_d134617